[Event "LSS ST-2010-0-00077"]
[Site "LSS email"]
[Date "2010.10.29"]
[Round "?"]
[White "Szabo, Vilmos"]
[Black "Edighoffer, Harold H"]
[Result "1/2-1/2"]
[WhiteElo "2386"]
[BlackElo "2481"]
[PlyCount "148"]
[EventDate "2010.10.28"]
[EventType "tourn (corr)"]
[EventRounds "6"]
[EventCountry "GER"]
[SourceTitle "Telechess CBM 157"]
[Source "ChessBase"]
[SourceDate "2013.11.12"]
[SourceVersion "1"]
[SourceVersionDate "2013.11.12"]
[SourceQuality "1"]

1. d4 e6 2. c4 Nf6 3. Nf3 d5 4. Nc3 Be7 5. Bf4 c6 6. e3 Nh5 7. Bxb8 Rxb8 8. Bd3 f5 9. 0-0 0-0 10. Rc1 Nf6 11. Ne2 Bd6 12. g3 Bd7 13. Nf4 b6 14. Ne5 Rc8 15. Be2 g5 16. Nfd3 c5 17. Bf3 Be8 18. Bg2 Bxe5 19. Nxe5 dxc4 20. Nxc4 Rf7 21. Ne5 Rfc7 22. Qd3 h6 23. h3 cxd4 24. Rxc7 Qxc7 25. exd4 Nd7 26. Nf3 Qd6 27. d5 Qxd5 28. Qxd5 exd5 29. Nd4 Nf6 30. Nxf5 Rc2 31. Nxh6+ Kh7 32. Ng4 Nxg4 33. hxg4 Bf7 34. Rb1 Kg6 35. a3 Kf6 36. Rd1 Be6 37. Bxd5 Bxg4 38. f3 Bh3 39. b3 Rg2+ 40. Kh1 g4 41. f4 Rxg3 42. Kh2 Re3 43. Bc4 Kf5 44. Rd7 Rc3 45. Rd4 Rf3 46. Bd3+ Kf6 47. a4 Ke6 48. Ba6 Ke7 49. Bc4 a5 50. Re4+ Kd6 51. Re6+ Kc5 52. Re4 Rc3 53. f5 Rf3 54. Re5+ Kd4 55. Re6 Rxf5 56. Rxb6 Rf2+ 57. Kg3 Rf3+ 58. Kh4 Ke5 59. Ra6 Kf4 60. Rf6+ Ke3 61. Re6+ Kf4 62. Rg6 Rf2 63. Rf6+ Ke3 64. Re6+ Kf4 65. Rf6+ Ke3 66. Rg6 Rh2 67. Ra6 Kf4 68. Rf6+ Ke5 69. Rb6 Ke4 70. Ra6 Kf5 71. Kg3 Rg2+ 72. Kh4 Rh2 73. Kg3 Rg2+ 74. Kh4 Rh2 1/2-1/2

[Event "LSS ST-2010-0-00072"]
[Site "LSS email"]
[Date "2010.05.11"]
[Round "?"]
[White "Edighoffer, Harold H"]
[Black "Ingersol, Harry"]
[Result "1/2-1/2"]
[WhiteElo "2464"]
[BlackElo "2347"]
[PlyCount "117"]
[EventDate "2010.01.31"]
[EventType "tourn (corr)"]
[EventRounds "6"]
[EventCountry "GER"]
[SourceTitle "Telechess CBM 147"]
[Source "ChessBase"]
[SourceDate "2012.03.16"]
[SourceVersion "1"]
[SourceVersionDate "2012.03.16"]
[SourceQuality "1"]

1. e4 c5 2. Nf3 e6 3. h3 Nc6 4. Bb5 Nge7 5. 0-0 a6 6. Be2 d5 7. exd5 Nxd5 8. d4 Nf6 9. dxc5 Qc7 10. Be3 Nd5 11. Qd2 Nxe3 12. Qxe3 Nb4 13. Qd4 Qxc5 14. Rd1 Qxd4 15. Nxd4 Be7 16. c3 Nd5 17. Bf3 Bd7 18. Re1 Nf4 19. Bxb7 Rb8 20. Bxa6 Rxb2 21. a4 Bc5 22. Re4 Nd5 23. Re2 Rxe2 24. Nxe2 Ke7 25. Bd3 Rd8 26. Nd2 Bc6 27. Nb3 Ba7 28. Bb5 Ba8 29. Rd1 e5 30. Rd2 f5 31. c4 Nb4 32. Rxd8 Kxd8 33. Kf1 Be4 34. a5 Kc7 35. Nbc1 Bc2 36. Nc3 Bd4 37. Nd5+ Nxd5 38. cxd5 Kd6 39. Bc4 Ba7 40. Ke2 Be4 41. f3 Bxd5 42. Bxd5 Kxd5 43. Nd3 Bd4 44. g4 fxg4 45. fxg4 e4 46. Nb4+ Kd6 47. a6 g6 48. g5 Bc5 49. Na2 Ke5 50. Nc3 Kf4 51. h4 Kf5 52. Nd5 Bd4 53. Ne7+ Kg4 54. Nc6 Bc5 55. a7 Bxa7 56. Nxa7 Kxh4 57. Ke3 Kxg5 58. Kxe4 Kh4 59. Nc6 1/2-1/2

[Event "LSS ST-2009-0-00058"]
[Site "LSS email"]
[Date "2009.08.27"]
[Round "?"]
[White "Szabo, Vilmos"]
[Black "Edighoffer, Harold H"]
[Result "1/2-1/2"]
[WhiteElo "2336"]
[BlackElo "2472"]
[PlyCount "146"]
[EventDate "2009.07.14"]
[EventType "tourn (corr)"]
[EventRounds "6"]
[EventCountry "GER"]
[SourceTitle "Telechess CBM 141"]
[Source "ChessBase"]
[SourceDate "2011.03.17"]
[SourceVersion "1"]
[SourceVersionDate "2011.03.17"]
[SourceQuality "1"]

1. d4 Nf6 2. c4 c6 3. Nc3 d5 4. Nf3 dxc4 5. a4 Bf5 6. e3 Nbd7 7. Bxc4 e6 8. 0-0 Bb4 9. Qb3 a5 10. Na2 Bd6 11. Qxb7 Rb8 12. Qa6 0-0 13. Be2 Qc7 14. Bd2 Ra8 15. Qc4 Nb6 16. Qb3 Nbd5 17. Bd3 Rab8 18. Qc2 Bxd3 19. Qxd3 Rxb2 20. Rfc1 Rfb8 21. Nc3 Nb4 22. Qe2 h6 23. h3 Qb7 24. Qc4 Rc2 25. Rxc2 Nxc2 26. Rc1 Nb4 27. Be1 Qa8 28. Nd2 Nd7 29. Nce4 Bf8 30. Nb3 Nb6 31. Qe2 Nxa4 32. Ra1 c5 33. Nbxc5 Nxc5 34. Nxc5 Qa7 35. Qc4 Qc7 36. g3 Be7 37. h4 e5 38. Bc3 exd4 39. exd4 Bd6 40. Be1 Qb6 41. Ne4 Bf8 42. d5 Qb5 43. Qxb5 Rxb5 44. Nc3 Rc5 45. Rd1 Be7 46. d6 Bd8 47. Na4 Rc4 48. Nb2 Rc6 49. d7 Kf8 50. Bxb4+ axb4 51. Re1 Re6 52. Rb1 Ke7 53. Nc4 Re4 54. Rxb4 Bc7 55. Kg2 f5 56. f3 Rd4 57. h5 Kd8 58. f4 Re4 59. Kf2 Ke7 60. Kf1 Kxd7 61. Nb6+ Ke6 62. Rb3 Rd4 63. Re3+ Kf7 64. Rb3 Bd8 65. Rb5 Bxb6 66. Rxb6 Rd1+ 67. Kg2 Rd2+ 68. Kh3 Rd1 69. Rb7+ Kf6 70. Kg2 Rd2+ 71. Kh3 Rd1 72. Kg2 Rd2+ 73. Kh3 Rd1 1/2-1/2

[Event "LSS ST-2009-0-00045"]
[Site "LSS email"]
[Date "2009.03.10"]
[Round "?"]
[White "Edighoffer, Harold H"]
[Black "Braun, Andreas"]
[Result "1/2-1/2"]
[WhiteElo "2488"]
[BlackElo "2366"]
[PlyCount "145"]
[EventDate "2009.01.01"]
[EventType "tourn (corr)"]
[EventRounds "6"]
[EventCountry "GER"]
[SourceTitle "Telechess CBM 137"]
[Source "ChessBase"]
[SourceDate "2010.07.15"]
[SourceVersion "1"]
[SourceVersionDate "2010.07.15"]
[SourceQuality "1"]

1. e4 c6 2. d4 d5 3. Nd2 dxe4 4. Nxe4 Bf5 5. Ng3 Bg6 6. h4 h6 7. Bd3 Bxd3 8. Qxd3 e6 9. Bf4 Nf6 10. 0-0-0 Bd6 11. N1e2 Qc7 12. Qe3 Bxf4 13. Nxf4 Nbd7 14. Rhe1 0-0-0 15. Nd3 Kb8 16. Kb1 Rc8 17. Ne5 c5 18. Nxd7+ Nxd7 19. d5 exd5 20. Rxd5 Nf6 21. Rdd1 Rhe8 22. Qf3 Rxe1 23. Rxe1 Re8 24. Rxe8+ Nxe8 25. a4 Qe7 26. Qf4+ Kc8 27. Nf5 Qe1+ 28. Ka2 Qe6+ 29. b3 h5 30. Ne3 Qf6 31. Qe4 Qe6 32. Qf3 g6 33. Nc4 Kc7 34. Kb1 Qe1+ 35. Kb2 Qe6 36. Ka2 Kb8 37. Qc3 b6 38. a5 Nc7 39. Qe5 Kb7 40. Qxe6 Nxe6 41. Nd6+ Kc6 42. Nxf7 Kd5 43. Ka3 Kd4 44. Ng5 Nxg5 45. axb6 axb6 46. hxg5 b5 47. Kb2 h4 48. Kc1 Ke5 49. Kd2 Kf4 50. Kd3 Kxg5 51. c4 bxc4+ 52. Kxc4 Kf4 53. Kxc5 g5 54. b4 g4 55. b5 g3 56. fxg3+ Kxg3 57. b6 Kxg2 58. b7 h3 59. b8Q h2 60. Qb2+ Kg1 61. Qb1+ Kg2 62. Qa2+ Kg1 63. Qg8+ Kh1 64. Qb3 Kg1 65. Qd1+ Kg2 66. Qe2+ Kg1 67. Qe3+ Kg2 68. Qg5+ Kh1 69. Qe5 Kg1 70. Qg3+ Kh1 71. Qh4 Kg1 72. Qe1+ Kg2 73. Qe4+ 1/2-1/2

[Event "LSS ST-2009-0-00045"]
[Site "LSS email"]
[Date "2009.03.06"]
[Round "?"]
[White "Baranowski, Tadeusz"]
[Black "Edighoffer, Harold H"]
[Result "1/2-1/2"]
[WhiteElo "2353"]
[BlackElo "2485"]
[PlyCount "122"]
[EventDate "2009.01.01"]
[EventType "tourn (corr)"]
[EventRounds "6"]
[EventCountry "GER"]
[SourceTitle "Telechess CBM 137"]
[Source "ChessBase"]
[SourceDate "2010.07.15"]
[SourceVersion "1"]
[SourceVersionDate "2010.07.15"]
[SourceQuality "1"]

1. d4 Nf6 2. c4 e6 3. Nf3 Bb4+ 4. Nbd2 0-0 5. a3 Be7 6. e4 d5 7. e5 Nfd7 8. b4 a5 9. b5 c5 10. Bb2 cxd4 11. Bxd4 Nc5 12. Be2 Nbd7 13. 0-0 b6 14. cxd5 exd5 15. Re1 Bb7 16. Nf1 Re8 17. Ne3 a4 18. Rb1 Nb3 19. Bb2 Bc5 20. Nf5 d4 21. N5xd4 Nxe5 22. Nxb3 Nxf3+ 23. Bxf3 Qxd1 24. Rbxd1 Bxf3 25. Rxe8+ Rxe8 26. gxf3 axb3 27. Kf1 f6 28. Rd3 Kf7 29. Rxb3 Ke6 30. Rd3 Ra8 31. Kg2 Ra5 32. Rb3 h5 33. Bc1 Kd5 34. Rd3+ Kc4 35. Rd7 Kxb5 36. Rxg7 Bxa3 37. Bxa3 Rxa3 38. Rf7 Kc5 39. Rxf6 b5 40. f4 b4 41. f5 Ra8 42. Rf7 Rb8 43. Rc7+ Kd6 44. Rc1 b3 45. Kf3 Ke5 46. f6 Kxf6 47. Ke4 Rb4+ 48. Kd3 b2 49. Rb1 Kf5 50. Kc3 Rf4 51. Rxb2 Kg4 52. Rb4 Rxb4 53. Kxb4 Kf3 54. Kc3 Kxf2 55. Kd2 Kg2 56. Ke2 Kxh2 57. Kf2 h4 58. Kf1 Kg3 59. Kg1 Kf3 60. Kh2 Kg4 61. Kg2 h3+ 1/2-1/2

[Event "LSS ST-2009-0-00045"]
[Site "LSS email"]
[Date "2009.03.06"]
[Round "?"]
[White "Szabo, Vilmos"]
[Black "Edighoffer, Harold H"]
[Result "1-0"]
[WhiteElo "2387"]
[BlackElo "2499"]
[PlyCount "141"]
[EventDate "2009.01.01"]
[EventType "tourn (corr)"]
[EventRounds "6"]
[EventCountry "GER"]
[SourceTitle "Corr 2011"]
[Source "ChessBase"]
[SourceDate "2010.08.31"]
[SourceVersion "1"]
[SourceVersionDate "2010.08.31"]
[SourceQuality "1"]

1. d4 Nf6 2. c4 e6 3. Nf3 Bb4+ 4. Bd2 Qe7 5. g3 Bxd2+ 6. Qxd2 Nc6 7. a3 0-0 8. Bg2 d5 9. 0-0 Rb8 10. b4 b6 11. cxd5 exd5 12. Nc3 a6 13. Rac1 Bb7 14. e3 Rfe8 15. Qa2 Qd6 16. Ne2 Nd8 17. Nf4 Ne6 18. Nxe6 Rxe6 19. Rc2 Re7 20. Rfc1 Ra8 21. Ne5 a5 22. Nc6 Bxc6 23. Rxc6 Qd8 24. b5 Ra7 25. Rxf6 gxf6 26. Bxd5 f5 27. a4 Kf8 28. Qb3 h6 29. Bf3 Re6 30. Qd3 Qf6 31. Rc4 Rd6 32. Bc6 Re6 33. Bd7 Rd6 34. Qxf5 Qxf5 35. Bxf5 Rd8 36. f4 Re8 37. e4 Re7 38. g4 Ra8 39. e5 Kg7 40. Kf2 f6 41. exf6+ Kxf6 42. Rc6+ Kg7 43. Rg6+ Kf7 44. Rxh6 Rae8 45. Rh7+ Kf6 46. Rxe7 Kxe7 47. h4 Rd8 48. Ke3 Kd6 49. Bg6 c5 50. bxc6 Rh8 51. h5 b5 52. axb5 a4 53. Kd3 a3 54. Kc2 Ra8 55. Kb1 Rb8 56. Ka2 Rxb5 57. h6 Rb2+ 58. Kxa3 Rb8 59. Be4 Re8 60. h7 Rxe4 61. h8Q Re3+ 62. Ka4 Kxc6 63. g5 Re1 64. Qc8+ Kd6 65. Qd8+ Kc6 66. d5+ Kb7 67. Qd7+ Kb8 68. g6 Ra1+ 69. Kb5 Rb1+ 70. Kc6 Rc1+ 71. Kd6 1-0

[Event "LSS ST-2008-0-00037"]
[Site "LSS email"]
[Date "2008.10.11"]
[Round "?"]
[White "Edighoffer, Harold H"]
[Black "Kovacs, Arthur"]
[Result "1/2-1/2"]
[WhiteElo "2453"]
[BlackElo "2324"]
[PlyCount "24"]
[EventDate "2008.09.27"]
[EventType "tourn (corr)"]
[EventRounds "6"]
[EventCountry "GER"]
[SourceTitle "Corr 2013"]
[Source "ChessBase"]
[SourceDate "2012.11.12"]
[SourceVersion "1"]
[SourceVersionDate "2012.11.12"]
[SourceQuality "1"]
[WhiteTeam "US of America"]
[BlackTeam "US of America"]
[WhiteTeamCountry "USA"]
[BlackTeamCountry "USA"]

1. e4 e5 2. Nf3 Nc6 3. Bb5 a6 4. Bxc6 dxc6 5. 0-0 Bg4 6. h3 h5 7. c3 Qd3 8. hxg4 hxg4 9. Nxe5 Bd6 10. Nxg4 Nf6 11. Re1 Nxg4 12. Qxg4 Bh2+ 1/2-1/2

[Event "LSS WC-2009-T-00004"]
[Site "LSS email"]
[Date "2008.04.15"]
[Round "?"]
[White "Edighoffer, Harold H"]
[Black "Blom, Erik"]
[Result "1-0"]
[WhiteElo "2471"]
[BlackElo "2275"]
[PlyCount "105"]
[EventDate "2008.04.15"]
[EventType "tourn (corr)"]
[EventRounds "10"]
[EventCountry "GER"]
[SourceTitle "Corr 2013"]
[Source "ChessBase"]
[SourceDate "2012.11.12"]
[SourceVersion "1"]
[SourceVersionDate "2012.11.12"]
[SourceQuality "1"]
[WhiteTeam "US of America"]
[BlackTeam "US of America"]
[WhiteTeamCountry "USA"]
[BlackTeamCountry "USA"]

1. e4 e5 2. Nf3 Nc6 3. Bb5 a6 4. Bxc6 dxc6 5. 0-0 Bg4 6. h3 h5 7. d3 Qf6 8. Be3 Bxf3 9. Qxf3 Qxf3 10. gxf3 Bd6 11. Nd2 Ne7 12. Nc4 c5 13. Kg2 Nc6 14. f4 exf4 15. Nxd6+ cxd6 16. Bxf4 Kd7 17. h4 Rae8 18. Rad1 Re6 19. c3 Rg6+ 20. Kf3 Rf6 21. Ke3 d5 22. Bg3 d4+ 23. Ke2 Rc8 24. f3 g6 25. Rc1 b6 26. Bf2 Rd6 27. Rg1 Rd8 28. Rg5 Ke7 29. Rb1 Re6 30. Bg3 Rd7 31. c4 Ke8 32. Rg1 Ne7 33. Bf4 Rd8 34. a3 a5 35. R5g3 Nf5 36. Rh3 Ra8 37. b3 a4 38. b4 cxb4 39. axb4 Nd6 40. Rhh1 b5 41. Bxd6 Rxd6 42. cxb5 a3 43. Rg5 Ra4 44. Rb1 Rb6 45. Kf2 a2 46. Ra1 Ra3 47. Rd5 Rxd3 48. Rxa2 Rf6 49. b6 Rfxf3+ 50. Kg1 Rg3+ 51. Rg2 Rd1+ 52. Kh2 Rb3 53. Rb5 1-0

[Event "LSS WC-2009-T-00004"]
[Site "LSS email"]
[Date "2008.04.15"]
[Round "?"]
[White "Edighoffer, Harold H"]
[Black "Tasic, Vladimir"]
[Result "1-0"]
[WhiteElo "2499"]
[BlackElo "2620"]
[PlyCount "125"]
[EventDate "2008.04.15"]
[EventType "tourn (corr)"]
[EventRounds "10"]
[EventCountry "GER"]
[SourceTitle "Corr 2011"]
[Source "ChessBase"]
[SourceDate "2010.08.31"]
[SourceVersion "1"]
[SourceVersionDate "2010.08.31"]
[SourceQuality "1"]

1. e4 d6 2. d4 Nf6 3. Nc3 g6 4. Nf3 Bg7 5. Be2 0-0 6. 0-0 c6 7. h3 Nbd7 8. Bf4 Nh5 9. Bg5 b5 10. a3 a6 11. Re1 h6 12. Be3 Qc7 13. Qd2 Kh7 14. Nh2 Nhf6 15. Ng4 Ng8 16. Rad1 Bb7 17. e5 Rad8 18. exd6 exd6 19. Bf4 f5 20. Ne3 Ngf6 21. Bd3 Nb6 22. Ne2 c5 23. dxc5 Qxc5 24. c3 Nh5 25. Bh2 Nc4 26. Nxc4 bxc4 27. Bc2 Be5 28. Nd4 Rde8 29. Kh1 f4 30. Nf3 Rf6 31. Nxe5 dxe5 32. f3 Bc6 33. Bg1 Ng3+ 34. Kh2 Qe7 35. Bf2 Qc7 36. Kg1 Rb8 37. Qc1 Rd6 38. Rxd6 Qxd6 39. Rd1 Qe7 40. Rd2 Kg7 41. Bb1 Qf6 42. Ba2 Qg5 43. Qd1 Nf5 44. h4 Nxh4 45. Bxh4 Qxh4 46. Bxc4 h5 47. Qe2 Qf6 48. Bxa6 h4 49. Bc4 h3 50. Bd5 Bxd5 51. Rxd5 e4 52. fxe4 hxg2 53. Rd7+ Kf8 54. Qf2 Ke8 55. Rd3 g5 56. Kxg2 Qe6 57. b4 Qxe4+ 58. Qf3 Qe6 59. Rd5 g4 60. Qd3 Rc8 61. c4 Ra8 62. Kf1 f3 63. Kf2 1-0

[Event "LSS WC-2009-T-00004"]
[Site "LSS email"]
[Date "2008.04.15"]
[Round "?"]
[White "Faber, Harald"]
[Black "Edighoffer, Harold H"]
[Result "1/2-1/2"]
[WhiteElo "2304"]
[BlackElo "2444"]
[PlyCount "190"]
[EventDate "2008.04.15"]
[EventType "tourn (corr)"]
[EventRounds "10"]
[EventCountry "GER"]
[SourceTitle "Corr 2011"]
[Source "ChessBase"]
[SourceDate "2010.08.31"]
[SourceVersion "1"]
[SourceVersionDate "2010.08.31"]
[SourceQuality "1"]

1. e4 e6 2. d4 d5 3. Nc3 Nf6 4. Bg5 dxe4 5. Nxe4 Be7 6. Bxf6 Bxf6 7. Nf3 Be7 8. Bc4 c6 9. 0-0 a5 10. a4 0-0 11. Re1 Nd7 12. c3 Nb6 13. Bd3 Qc7 14. Ne5 Nd7 15. f4 c5 16. Qh5 g6 17. Qh6 cxd4 18. cxd4 Qb6 19. Nf3 Rd8 20. Bc4 Nf8 21. b3 Bd7 22. g4 Bc6 23. Kf1 Bd5 24. f5 exf5 25. gxf5 Bf6 26. Qf4 Bxd4 27. Rad1 Bxc4+ 28. bxc4 gxf5 29. Qxf5 Bg7 30. Rd5 Ng6 31. Rb5 Qc6 32. Rc5 Qe6 33. Qxe6 fxe6 34. Rb5 Rf8 35. Kg2 Rad8 36. Nc5 Nf4+ 37. Kh1 b6 38. Rxb6 Rf5 39. Nb7 Rd3 40. Ng1 Ra3 41. Rb5 Rxa4 42. Rxe6 Rxb5 43. Re8+ Kf7 44. Nd6+ Kf6 45. cxb5 Rb4 46. Nf3 Rb1+ 47. Re1 Rxe1+ 48. Nxe1 Ke6 49. Nb7 Bc3 50. Nc2 Nd3 51. Kg2 Kd7 52. Kf3 Kc7 53. Ke3 Nb2 54. Nc5 Kb6 55. Ne4 Bg7 56. Na3 Bf8 57. Nc2 Kxb5 58. Kd4 Bg7+ 59. Kd5 Nc4 60. Nd4+ Bxd4 61. Kxd4 Kb4 62. Kd3 a4 63. Kc2 Ne3+ 64. Kb2 a3+ 65. Ka2 Nd5 66. h4 h5 67. Kb1 Kb3 68. Ka1 Nb4 69. Nd2+ Ka4 70. Nf3 Kb5 71. Nd4+ Kc5 72. Ne2 Kd5 73. Nf4+ Kc4 74. Ne6 Kc3 75. Nc5 Kd4 76. Ne6+ Ke3 77. Ng7 Kd3 78. Kb1 Kc3 79. Ne6 Kb3 80. Nc5+ Kc4 81. Ne6 Nd5 82. Ka2 Kb4 83. Nd4 Ne3 84. Nc6+ Ka4 85. Ne7 Nc2 86. Nd5 Nb4+ 87. Nxb4 Kxb4 88. Kb1 Kb3 89. Ka1 Kc3 90. Ka2 Kd4 91. Kxa3 Kc3 92. Ka2 Kd3 93. Kb3 Kd2 94. Kc4 Ke1 95. Kd3 Kf2 1/2-1/2

[Event "LSS WC-2010-S-00011"]
[Site "LSS email"]
[Date "2007.12.15"]
[Round "?"]
[White "Edighoffer, Harold H"]
[Black "Orsolic, Marijan"]
[Result "1-0"]
[WhiteElo "2468"]
[BlackElo "2109"]
[PlyCount "109"]
[EventDate "2007.12.15"]
[EventType "tourn (corr)"]
[EventRounds "10"]
[EventCountry "GER"]
[SourceTitle "Corr 2015"]
[Source "ChessBase"]
[SourceDate "2015.07.17"]
[SourceVersion "1"]
[SourceVersionDate "2015.07.17"]
[SourceQuality "1"]

1. e4 c5 2. Nf3 d6 3. Nc3 Nf6 4. Bc4 e6 5. d4 cxd4 6. Qxd4 Be7 7. e5 dxe5 8. Qxe5 Nc6 9. Qg3 Nh5 10. Qh3 Nf6 11. 0-0 0-0 12. Bb3 e5 13. Qh4 Qa5 14. Bd2 Bf5 15. Qg5 g6 16. Qh6 Ng4 17. Nd5 Qc5 18. Nxe7+ Qxe7 19. Qh4 Qxh4 20. Nxh4 Be6 21. Bxe6 fxe6 22. Rae1 Rad8 23. Nf3 Rf5 24. h3 Nf6 25. Bh6 e4 26. Ng5 Re5 27. f3 exf3 28. Nxf3 Rxe1 29. Rxe1 Re8 30. Ng5 Nd7 31. Ne4 Rd8 32. b3 Nde5 33. Bg5 Rf8 34. Rd1 Rf5 35. Bh6 a6 36. Kh2 b5 37. g4 Rf7 38. Rd6 b4 39. Rxe6 Re7 40. Rd6 Kf7 41. Kg3 a5 42. Nf6 Re6 43. Rxe6 Kxe6 44. Nxh7 Nd4 45. Kf4 Ne2+ 46. Ke3 Nc3 47. Ng5+ Kd5 48. Bg7 Nxa2 49. Kf4 Nd7 50. Nf3 Ke6 51. Kg5 Kf7 52. Kh6 Nc3 53. Ng5+ Ke7 54. Bxc3 bxc3 55. Kxg6 1-0

[Event "LSS WC-2010-S-00011"]
[Site "LSS email"]
[Date "2007.12.15"]
[Round "?"]
[White "Engelhard, Christof"]
[Black "Edighoffer, Harold H"]
[Result "1/2-1/2"]
[WhiteElo "2165"]
[BlackElo "2468"]
[PlyCount "89"]
[EventDate "2007.12.15"]
[EventType "tourn (corr)"]
[EventRounds "10"]
[EventCountry "GER"]
[SourceTitle "Corr 2015"]
[Source "ChessBase"]
[SourceDate "2015.07.17"]
[SourceVersion "1"]
[SourceVersionDate "2015.07.17"]
[SourceQuality "1"]

1. e4 e6 2. d4 d5 3. exd5 exd5 4. Nf3 Bd6 5. c4 Nf6 6. Nc3 0-0 7. cxd5 Nbd7 8. Bg5 Nb6 9. Be2 Be7 10. 0-0 Nbxd5 11. Qb3 Be6 12. Bc4 c6 13. Ne5 h6 14. Bxf6 Bxf6 15. Rae1 b5 16. Bxd5 cxd5 17. Nxb5 Bxe5 18. Rxe5 Rb8 19. Qd3 Qa5 20. Nc3 Rxb2 21. Rfe1 Qa3 22. h3 Rc8 23. R1e3 Kh8 24. Nxd5 Qxa2 25. Nc3 Qa1+ 26. Qf1 Qxf1+ 27. Kxf1 Rb3 28. d5 Rcxc3 29. Rxc3 Rxc3 30. dxe6 fxe6 31. Rxe6 Ra3 32. Ke2 Kg8 33. g4 Kf7 34. Rc6 a5 35. Ra6 a4 36. h4 Ra1 37. h5 a3 38. Kf3 Kg8 39. Kf4 Ra2 40. f3 Kh7 41. Kf5 Ra1 42. Ra7 Ra2 43. Ra6 Ra1 44. Ra7 Ra2 45. Ra6 1/2-1/2

[Event "LSS ST-2007-0-00018"]
[Site "LSS email"]
[Date "2007.08.30"]
[Round "?"]
[White "Ralls, Richard Nelson"]
[Black "Edighoffer, Harold H"]
[Result "1/2-1/2"]
[WhiteElo "2533"]
[BlackElo "2444"]
[PlyCount "166"]
[EventDate "2007.07.28"]
[EventType "tourn (corr)"]
[EventRounds "6"]
[EventCountry "GER"]
[SourceTitle "Corr 2011"]
[Source "ChessBase"]
[SourceDate "2010.08.31"]
[SourceVersion "1"]
[SourceVersionDate "2010.08.31"]
[SourceQuality "1"]

1. d4 Nf6 2. c4 Nc6 3. Nf3 e6 4. Nc3 d5 5. Bg5 Be7 6. e3 h6 7. Bxf6 Bxf6 8. Qb3 Na5 9. Qa4+ c6 10. cxd5 b5 11. Qc2 exd5 12. b4 Nc4 13. a4 Be6 14. axb5 cxb5 15. Nxb5 a5 16. Bxc4 dxc4 17. bxa5 Rxa5 18. Qb2 0-0 19. 0-0 Qb6 20. Rxa5 Qxa5 21. Nc3 Ra8 22. e4 Be7 23. d5 Bc8 24. Rb1 Bd6 25. Qc1 Rb8 26. Rxb8 Bxb8 27. h4 f6 28. Nd4 Bd7 29. g3 Qc5 30. Qd2 Be5 31. Nde2 g5 32. hxg5 hxg5 33. Kg2 g4 34. Qa2 Kg7 35. Qa6 Kf8 36. Qa8+ Ke7 37. Qg8 Qc8 38. Qg7+ Kd6 39. Qh6 Ke7 40. Qc1 Qb7 41. Qa3+ Kf7 42. Qc5 Qa6 43. Qb4 Bd6 44. Qb2 Be5 45. Qc1 Kg7 46. Qb1 Kf8 47. Qh1 Kg7 48. Qc1 Qa5 49. Kf1 Be8 50. Nd1 Bb5 51. Nec3 Be8 52. Qb2 Bg6 53. Ke2 Qa7 54. Qc1 Kg8 55. Ke1 Qc5 56. Qb2 Kg7 57. Qb7+ Kh6 58. Qb1 Qa3 59. Qc2 Kg7 60. Kd2 Qa7 61. Ke2 Qa3 62. Kf1 Qb3 63. Qd2 Be8 64. Kg2 Qa3 65. Qe3 Bg6 66. Kg1 Qb4 67. Kh2 Qa3 68. Qd2 Be8 69. Kg2 Kg6 70. Qa2 Qxa2 71. Nxa2 Kg5 72. Kf1 f5 73. exf5 Kxf5 74. Ne3+ Ke4 75. Nxg4 Bd4 76. Ke2 c3 77. Ne3 Bb5+ 78. Ke1 Bd7 79. g4 Bf6 80. Ke2 Bb5+ 81. Kd1 Ba4+ 82. Kc1 Kf3 83. g5 Bxg5 1/2-1/2

[Event "IECG ST.2006.0.00002 email"]
[Site "IECG email"]
[Date "2006.04.15"]
[Round "?"]
[White "Edighoffer, Harold H"]
[Black "Mantovanelli, Marco"]
[Result "1/2-1/2"]
[WhiteElo "2470"]
[BlackElo "2411"]
[PlyCount "90"]
[EventDate "2006.04.15"]
[EventType "tourn (corr)"]
[EventRounds "6"]
[SourceTitle "Corr 2008"]
[Source "ChessBase"]
[SourceDate "2008.06.24"]
[SourceVersion "1"]
[SourceVersionDate "2008.06.24"]
[SourceQuality "1"]

1. e4 c5 2. Nf3 Nc6 3. Bb5 g6 4. 0-0 Bg7 5. d3 Nf6 6. Nc3 0-0 7. Bg5 d6 8. Bxc6 bxc6 9. e5 Ne8 10. exd6 Nxd6 11. Re1 Re8 12. Bf4 Bf5 13. Ne5 Rc8 14. Qf3 Be6 15. h4 Nf5 16. h5 Nd4 17. Qd1 f6 18. Nc4 Bxc4 19. dxc4 e5 20. Bh2 Ne6 21. Na4 Qxd1 22. Rexd1 gxh5 23. Rd7 a5 24. Rad1 Bf8 25. Kf1 Re7 26. R7d3 Kg7 27. b3 Rf7 28. f3 Kg6 29. Bg3 Rb8 30. Be1 Nd4 31. c3 Ne6 32. Bf2 Rbb7 33. Bg1 Rg7 34. Be3 Rg8 35. Bf2 Rbg7 36. Rd7 Kf5 37. Rxg7 Rxg7 38. Nb6 Rb7 39. Na4 Kg5 40. Nb2 Ra7 41. Na4 Kg6 42. Bg3 Kf5 43. Bf2 Rf7 44. Ke2 Rg7 45. Kf1 Rb7 1/2-1/2

[Event "IECG ST.2006.0.00002 email"]
[Site "IECG email"]
[Date "2006.04.15"]
[Round "?"]
[White "Marez, Sebastien"]
[Black "Edighoffer, Harold H"]
[Result "1/2-1/2"]
[WhiteElo "2355"]
[BlackElo "2470"]
[PlyCount "129"]
[EventDate "2006.04.15"]
[EventType "tourn (corr)"]
[EventRounds "6"]
[SourceTitle "Corr 2008"]
[Source "ChessBase"]
[SourceDate "2008.06.24"]
[SourceVersion "1"]
[SourceVersionDate "2008.06.24"]
[SourceQuality "1"]

1. e4 e6 2. d4 d5 3. Nd2 c5 4. Ngf3 Nf6 5. exd5 exd5 6. Bb5+ Bd7 7. Bxd7+ Nbxd7 8. 0-0 Be7 9. dxc5 Nxc5 10. Nb3 Nce4 11. Nfd4 0-0 12. Nf5 Re8 13. Nxe7+ Qxe7 14. Be3 Qc7 15. Bd4 Nd7 16. f3 Nd6 17. Bf2 Nc4 18. Qxd5 Nxb2 19. Rfe1 Nc4 20. Rad1 Nf8 21. Qb5 Rxe1+ 22. Rxe1 Rd8 23. Qb4 h6 24. c3 b6 25. Nd4 Qc8 26. Qa4 Na5 27. Qc2 Re8 28. Rxe8 Qxe8 29. h3 Nc4 30. Qd3 Qc8 31. h4 Ng6 32. g4 Nce5 33. Qe3 f6 34. Bg3 Ne7 35. Bxe5 fxe5 36. Qxe5 Qxc3 37. Kg2 Qb2+ 38. Kg3 Qa1 39. Qe3 Kf8 40. Qd2 Qg1+ 41. Kf4 Ng6+ 42. Ke4 Nxh4 43. Ne6+ Ke7 44. Nxg7 Qc5 45. Qe2 Kf7 46. Nh5 Qe7+ 47. Kd3 Qa3+ 48. Ke4 Qe7+ 49. Kd3 Qd6+ 50. Ke3 Qc5+ 51. Kd2 Qd4+ 52. Ke1 a5 53. Kf1 b5 54. Qc2 Qc4+ 55. Qxc4+ bxc4 56. Ke2 Ng6 57. Ng3 c3 58. Kd3 Ne5+ 59. Kxc3 Nxf3 60. Nf1 Ne5 61. Ne3 Kf6 62. Kd4 Nd7 63. Ke4 Kg5 64. a4 Nb6 65. Kf3 1/2-1/2

[Event "CFriend AM-2005-0-00018 email"]
[Site "Chessfriend.com"]
[Date "2005.07.11"]
[Round "1"]
[White "Straka, Zdenek"]
[Black "Edighoffer, Harold H"]
[Result "1/2-1/2"]
[WhiteElo "2481"]
[BlackElo "2467"]
[PlyCount "83"]
[EventDate "2005.??.??"]
[EventType "tourn (corr)"]
[EventRounds "6"]
[SourceTitle "Corr 2008"]
[Source "ChessBase"]
[SourceDate "2008.06.24"]
[SourceVersion "1"]
[SourceVersionDate "2008.06.24"]
[SourceQuality "1"]

1. e4 e6 2. d4 d5 3. Nc3 Bb4 4. e5 c5 5. a3 Bxc3+ 6. bxc3 Ne7 7. Qg4 cxd4 8. Qxg7 Rg8 9. Qxh7 Qa5 10. Ne2 Nbc6 11. Bd2 Qc5 12. h4 dxc3 13. Bg5 Bd7 14. Bf6 0-0-0 15. Qd3 d4 16. h5 Nf5 17. Qe4 Nce7 18. Bxe7 Qxe7 19. Nxd4 Ba4 20. Nxf5 exf5 21. Qxa4 Qxe5+ 22. Be2 Rd2 23. Qb5 Re8 24. 0-0 Rxe2 25. Rab1 Qxb5 26. Rxb5 Rxc2 27. Rxf5 Kb8 28. Kh2 Rc8 29. Rxf7 Rd2 30. Rb1 b6 31. h6 c2 32. Rc1 Rd1 33. Rxc2 Rxc2 34. h7 Rd8 35. g4 Rc5 36. Rg7 Rh8 37. g5 Rxg5 38. Rxg5 Rxh7+ 39. Kg3 Rd7 40. Re5 Rd3+ 41. Re3 Rxe3+ 42. fxe3 1/2-1/2